[Event "RUS-chT 05th"]
[Site "Maikop"]
[Date "1998.06.03"]
[Round "1"]
[White "Dreev, Alexey"]
[Black "Rashkovsky, Nukhim N"]
[Result "1-0"]
[WhiteElo "2630"]
[BlackElo "2505"]
[Annotator "Hazai,L"]
[PlyCount "139"]
[EventDate "1998.06.03"]
[EventType "team-tourn"]
[EventRounds "11"]
[EventCountry "RUS"]
[SourceTitle "CBM 066"]
[Source "ChessBase"]
[SourceDate "1998.09.30"]
[SourceVersion "1"]
[SourceVersionDate "1998.09.30"]
[SourceQuality "1"]
[WhiteTeam "Kazan Sberbank-Tatarstan"]
[BlackTeam "Ekaterinburg Agat"]
[WhiteTeamCountry "RUS"]
[BlackTeamCountry "RUS"]

1. d4 {Hecht} Nf6 2. c4 g6 3. Nc3 Bg7 4. e4 d6 5. h3 O-O 6. Bg5 c5 (6... Na6 {
is the popular main line these days.}) 7. d5 b5 $6 {This P sacrifice is also
dubious against the Averbakh system, where Be2 is played instead of h2-h3. As
we will see it later, this difference helps only for White.} (7... e6 $142 {
leads to the so called Roumanian Variation popularized by Ghitescu, Suba and
other strong Roumanian players.}) 8. cxb5 a6 9. a4 Qa5 10. Bd2 e6 (10... axb5 {
See Mikhalevsky-Rashkovsky, EXP 59}) (10... Qb4 11. Bd3 $1 {Here is an
important difference to the Averbakh line. In comparision to that White has an
extra h2-h3, which is rather useful considering that Ng4 is the main line in
the Averbakh!} (11. Qc2 {is less clear:} axb5 12. Bxb5 Ba6 13. f3 c4 14. Nge2
Qc5 $44 {S.Grunberg-Ardeleanu, Timisoara 1988}) (11. f3 Nfd7 12. Qc2 c4 (12...
Qa5 13. Ra3 e6 14. f4 Nf6 15. Bc4 Re8 16. Nf3 $16 {Suba-Chiburdanidze,
Dortmund 1983}) 13. Nd1 Qc5 14. Qxc4 axb5 15. Qxb5 $1 (15. Qxc5 Nxc5 16. Bxb5
Bd7 17. Ra3 Bxb2 $1 18. Nxb2 Bxb5 19. Ne2 Bxa4 20. Kf2 Bc6 21. Bb4 Nba6 22. Bc3
Bb7 {1/2:1/2 Suba-Ermenkov, Prague zt 1985}) 15... Ba6 16. Qxc5 Nxc5 17. Bc3
$14 {Foisor-Ghitescu, Baile Herculane 1984}) 11... Nfd7 (11... c4 12. Bc2 Nfd7
13. Nge2 $1 Nc5 14. O-O {/\} Nbd7 $2 15. a5 $1 axb5 16. Na4 $18) 12. Nf3 c4 13.
Bc2 $14 axb5 {(Glek-Shchekachev, SU 1989)} (13... Nc5 14. O-O Nb3 15. Bxb3 cxb3
16. Qe2 Nd7 17. Na2 Qc5 18. Nb4 axb5 19. axb5 Rxa1 20. Rxa1 Bxb2 21. Rb1 Bf6
22. Rxb3 $16 {Marin-Ardeleanu, Romania (ch) 1994}) 14. axb5 $14) 11. Nf3 (11.
Bc4 {is also worth considering:} exd5 12. Nxd5 Qd8 13. Bg5 axb5 14. Bxb5 Bb7
15. Ne2 {Here is the difference, White can castle, which was not the case in
the game.} Bxd5 16. exd5) 11... exd5 12. Nxd5 Qd8 13. Bg5 Bb7 14. Bc4 axb5 15.
Bxb5 (15. axb5 {is met by} Rxa1 16. Qxa1 Re8 {>< e4}) 15... Bxd5 16. exd5 Qe7+
17. Kf1 (17. Be3 $143 Na6 18. O-O Nb4 19. Bc4 Qb7 {>< d5}) 17... h6 18. Bxf6
Qxf6 {Black has some hopes for a draw because of the opposite coloured Bs.} 19.
Rb1 Na6 20. g3 ({Liquidating for an _|_ is also interesting, e.g.} 20. Bxa6
Rxa6 21. b3 Rb8 22. Qd3 Rab6 23. Nd2 Qc3 (23... Rb4 24. Nc4 Rxb3 25. Rxb3 Rxb3
(25... Qa1+ 26. Ke2 Re8+ 27. Kf3 Qxh1 28. Nxd6 $16) 26. Qxb3 Qa1+ 27. Ke2 Qxh1
28. Kf3 $16) 24. Qxc3 Bxc3 25. Nc4 Rxb3 26. Rxb3 Rxb3 27. Ke2 {with an
excellent N on c4, which is usually a pest for Black in the Benoni structures.}
) 20... Nc7 (20... Nb4 21. Kg2 Qf5 22. Re1 $16) 21. Bc6 Rab8 22. b3 Na6 23. Kg2
Nb4 24. Re1 Nxc6 (24... Rfc8 25. Bb5 Qf5 26. Bc4 {and Black has no counterplay
for the P.}) 25. dxc6 Rfc8 26. Qd5 Rb6 27. Rbc1 Qf5 ({Taking the c P fails to
the pin on the c <->.} 27... Rbxc6 28. b4 $1 $18) ({the same goes for} 27...
Rcxc6 28. b4 $1 $18) 28. Qxd6 {Here White had already a pleasent choice:} (28.
Qxf5 gxf5 29. Nh4 $16) 28... Rcxc6 29. Qd8+ Kh7 30. Rc4 Rd6 (30... Rxb3 31. Rf4
$18) 31. Qe7 Bd4 32. Nxd4 cxd4 33. Re5 Qd7 34. b4 d3 35. Qxd7 Rxd7 {It is a
good defensive idea liquidating to a R _|_, which poses many technical
problems for the party who has the advantage.} 36. Re1 d2 37. Rd1 Rd3 38. b5
Kg7 39. Rc2 {Time trouble?} (39. Rb4 $18 {looks simpler}) 39... Rbd6 (39... Ra3
40. Rc4 (40. Rcxd2 Rxa4) 40... Rd3 {leads to the previous position.}) 40. Ra2
R3d5 41. Kf1 Kf6 42. Rb2 Ke7 43. b6 Rd8 44. Ke2 Re5+ 45. Kf3 Rf5+ 46. Kg2 Rfd5
47. g4 Rb8 48. Rbxd2 Rxd2 49. Rxd2 Rxb6 {[#] Hecht:  Weiß ist in der Lage,
seinen Freibauern mit dem Turm von h i n t e n zu decken. das ist in der Regel
mehr als die halbe Miete!} 50. a5 $18 {Finally White could exchange his b o^
for the annoying d o^.} Ra6 51. Ra2 $1 {The well-known Tarrasch rule, White
has to put his R behind the P.} Kd6 52. Kg3 Kd5 53. h4 Ke6 54. Kf4 Kd5 55. g5
h5 {Hecht: Weiß hat durch Raumgewinn am Königsflügel seine Stellung verbessert,
wirkt in der Folge aber unentschlossen, wie es weitergehen soll. Das Problem
ist, wie man mit dem König in die Stellung eindringen kann.} 56. Ra4 Kc5 57.
Kg3 (57. Ke5 {Hecht} Re6+ 58. Kf4 Ra6 {ist nutzlos}) 57... Kd6 58. Ra3 Ke6 59.
Kf4 Kd5 60. Ra1 Kc5 61. f3 Kd5 62. Ra4 Kc5 63. Ke3 Kd5 64. f4 Re6+ 65. Kf3 Ra6
66. Ra1 {Hecht: Möchte mittels f5 und Kf4 den Stützpunkt e6 erobern, den
Schwarz mit dem nächsten Zug freiwillig aufgibt.} f6 (66... Kc5 {Hecht} 67. f5
gxf5 68. Kf4 Kd5 69. Kxf5 Kc5 70. Re1 $18 {[%csl Rf7][%cal Re1e7,Rf5f6]}) 67.
Ke3 f5 (67... fxg5 {Hecht} 68. fxg5 Ke5 69. Ra4 Kd5 (69... Kf5 70. Kd4 Kg4 71.
Kc5+ $18) 70. Kf4 Ra7 71. a6 Rf7+ 72. Ke3 Ra7 73. Ra1 Re7+ 74. Kd3 Ra7 75. Ra5+
Kc6 76. Kc4 Kb6 77. Ra1 Rc7+ (77... Kc6 78. Rf1 $18) 78. Kd5 Ka7 79. Ke6 Rc4
80. Kf6 Rxh4 81. Kxg6 Rh2 82. Kh7 $18) 68. Kd3 Kc5 69. Kc3 Kb5 70. Kd4 1-0

[Event "RUS-chT 05th"]
[Site "Maikop"]
[Date "1998.06.06"]
[Round "4"]
[White "Dreev, Alexey"]
[Black "Fedorov, Alexei"]
[Result "1/2-1/2"]
[WhiteElo "2630"]
[BlackElo "2595"]
[Annotator "King,D"]
[PlyCount "85"]
[EventDate "1998.06.03"]
[EventType "team-tourn"]
[EventRounds "11"]
[EventCountry "RUS"]
[SourceTitle "CBM 066"]
[Source "ChessBase"]
[SourceDate "1998.09.30"]
[SourceVersion "1"]
[SourceVersionDate "1998.09.30"]
[SourceQuality "1"]
[WhiteTeam "Kazan Sberbank-Tatarstan"]
[BlackTeam "Maykop Universitet"]
[WhiteTeamCountry "RUS"]
[BlackTeamCountry "RUS"]

1. d4 Nf6 2. c4 g6 3. Nc3 Bg7 4. e4 d6 5. h3 O-O 6. Bg5 Na6 7. Bd3 e5 8. d5 c6
9. Nge2 cxd5 10. cxd5 Nc5 11. Bc2 a5 12. O-O Bd7 13. a3 {White flicks in this
move to forestall ...b5, e.g.} (13. Kh1 b5 $1) 13... a4 {as White was
threatening b4.} 14. Kh1 Qb6 15. Rb1 Kh8 16. g4 Ng8 17. Ng3 {White has
prevented ...f5 and intends taking the initiative on the kingside.} Qa6 18. h4
{I'm not convinced by this plan: White's attack comes to nothing against
Black's accurate play.} ({I would prefer} 18. Qd2 {preventing ...Bh6. I feel
that White has done enough on the kingside: he is not going to deliver mate so
it might be better to turn to the queenside. Ultimately, I think that is where
White should be thinking about breaking through.}) 18... Qc4 19. h5 Bh6 $1 20.
Bxh6 Nxh6 21. f3 f6 22. Qd2 Nf7 23. Kg2 Kg7 24. Rh1 b5 25. hxg6 hxg6 26. Qe2
Qxe2+ 27. Ngxe2 Rh8 28. Rxh8 Rxh8 29. Nc1 Nd8 30. b4 axb3 31. Nxb3 Nxb3 32.
Rxb3 Nb7 33. Nxb5 Ra8 34. Nc7 Ra7 35. Na6 Na5 36. Rc3 Bxg4 37. fxg4 Rxa6 38. g5
fxg5 39. Kg3 Kf6 40. Kg4 Nb7 41. Rf3+ Kg7 42. Kxg5 Ra8 43. Rf6 1/2-1/2

[Event "RUS-ch51"]
[Site "St Petersburg"]
[Date "1998.07.29"]
[Round "2"]
[White "Bareev, Evgeny"]
[Black "Voitsekhovsky, Stanislav"]
[Result "1-0"]
[WhiteElo "2690"]
[BlackElo "2545"]
[Annotator "Hansen,Cu"]
[PlyCount "67"]
[EventDate "1998.07.28"]
[EventType "swiss"]
[EventRounds "11"]
[EventCountry "RUS"]
[SourceTitle "CBM 067"]
[Source "ChessBase"]
[SourceDate "1998.11.30"]
[SourceVersion "2"]
[SourceVersionDate "1998.11.01"]
[SourceQuality "1"]

1. d4 {Hazai} Nf6 2. c4 g6 3. Nc3 Bg7 4. e4 d6 5. h3 O-O 6. Bg5 Na6 {Hazai: /\
e5} (6... c5 {(Hazai) was the former main line in the Suba Variation, but the
game continuation has ousted it these days.}) 7. Bd3 e5 8. d5 Nc5 (8... c6 {
(Hazai) looks more flexible, see Kasparov-Kramnik, Las Palmas 1996 CBM 57.}) 9.
Bc2 a5 10. a3 (10. Qd2 {(Hazai) is not so precise here, the development of the
>> is of higher priority.} Qe8 {/\ Nh5} (10... c6) 11. g4 c6 {An attack on the
>> has to be counterd in the centre, as the good old rule says.} 12. a4 {
defending against b7-b5, but giving up the dark squares making the c5 N
immortal.} (12. Nge2 cxd5 13. cxd5 b5) 12... cxd5 13. cxd5 Bd7 14. Nge2 Kh8 {
/\ Ng8 f7-f5} 15. f3 Ng8 16. Kf2 f5 17. Kg2 fxe4 18. Nxe4 Nxe4 19. fxe4 Bf6 {
activating the passive King's Indian B.} 20. Be3 Bh4 21. Ng1 b5 $15 {
Lazarev-Ibragimov, Alushta 1993}) (10. Nge2 {Hazai} c6 11. O-O (11. a3 {
/\ b2-b4} cxd5 12. cxd5 a4 $5 {is a positional P sacrifice in order to
exchange White's important dark-squared B.} (12... Bd7 13. g4 {White has to
decide whether he is playing on the << with b2-b4 or on the >> with g2-g4. The
mixture of these two plans is not healthy.} (13. b4 {drives the N away, but
Black has sufficient resources on the <<.} axb4 14. axb4 Rxa1 15. Qxa1 Na6 16.
Qb2 Qb6 17. Na2 Rc8 $11) 13... h6 14. Be3 h5 15. f3 Nh7 16. b4 (16. gxh5 Qh4+)
16... axb4 17. axb4 Rxa1 18. Qxa1 Na6 19. Qa3 {White has opened two fronts and
he is not strong enough to hold both of them.} Qh4+ 20. Bf2 Qf6 21. Nb1 Rc8 22.
Bd1 h4 23. O-O Bh6 24. Kg2 Qe7 25. Nec3 f5 $17 {Mikhalevsky-Visser, Leeuwarden
1994}) 13. Bxf6 Qxf6 14. Nxa4 Nxa4 15. Bxa4 {Crisper is} Qg5 $1 (15... Bh6 $6 {
is a bit waste of time.} 16. Bb5 Qg5 17. Ng3 $1 (17. g3 f5 $13) 17... f5 18.
exf5 gxf5 19. O-O e4 {(Mikhalevsky-Gulko, Beersheva 1993)} 20. Qe2 $16) 16. g3
f5 17. Nc3 fxe4 $1 18. Nxe4 Qd8 19. Bc2 Qb6 $1 20. Rb1 Bf5 21. Bd3 Qd4 22. O-O
$1 Bxh3 23. Re1 Qb6 $13 {Mikhalevsky}) (11. g4 Qb6 12. f3 cxd5 13. cxd5 Bd7 14.
Kf1 Kh8 {/\ Ng8} 15. Rb1 Ng8 16. Ng3 f6 17. Be3 Bh6 {exchanging the passive B
against the active one.} 18. Bxh6 Nxh6 $13 {Tyomkin-Ch.Gabriel, Holon 1995})
11... cxd5 12. cxd5 (12. Nxd5 Ne6 $1 {with a fine play on the dark squares.})
12... Qb6 (12... Bd7 13. a3 Qb6 14. Be3 Rfc8 {comes into consideration as well.
}) 13. Be3 Bd7 {White has not enough pressure on the << because of the B on c2.
Here the B is fighting against f7-f5 in some cases, but leaves the important
f1-a6 /^ unattended.} 14. Rb1 Rfc8 15. f3 Qd8 16. a4 $5 {White gains the light
squares, but gives the black squares for Black forever.} ({On} 16. a3 {follows}
a4) 16... Qe8 17. g4 b5 18. axb5 Bxb5 19. Rf2 Bd7 20. Ng3 Qd8 21. Ra1 Ne8 22.
Qd2 a4 23. Kg2 Qa5 24. Ra3 Qb4 $13 {Petursson-Zuger, Horgen 1994}) (10. Nf3 {
(Hazai) /\ Nd2 - E90 deserves attention here, because the d2 square is ideal
for the N in these types of positions.}) (10. g4 {Hazai} c6 11. Qd2 cxd5 12.
cxd5 a4 13. Nge2 Qa5 14. f3 b5 15. Nd1 b4 {Black has got the |^ on the <<,
which is a rare situation in the King's Indian.} 16. Nf2 Qb5 17. O-O Ba6 18.
Rfe1 Qb6 $15 {Spragett-Sion, Sevilla 1993}) 10... c6 (10... Bd7 {Hazai} 11. b4
axb4 12. axb4 Rxa1 13. Qxa1 Na6 14. Qa3 $14 {and the N is driven back to a
passive position.}) 11. Rb1 ({After} 11. b4 $6 {Hazai} axb4 12. axb4 Rxa1 13.
Qxa1 Na6 14. Qa3 Qb6 $132 {White cannot hold his achievements on the <<
anymore.}) 11... a4 12. Nf3 {'>=' Hazai.} (12. Nge2 {Hazai} cxd5 13. cxd5 Bd7
$13) (12. Nxa4 $4 {Hazai} Nxa4 13. Bxa4 Qa5+ $19) 12... h6 {'?!' Hazai. Hazai:
This weakening move is not necessary at all.} (12... cxd5 {Hazai} 13. cxd5 Bd7
$13 {was the natural continuation with level chances.}) 13. Be3 cxd5 14. cxd5
Bd7 15. Qd2 Kh7 {This is the kind of structure that could arise in a number of
Kings Indian Lines - for instance the Averbakh(5.Le2 + 6.Lg5). Black has his
usual bad Bg7 and wants to get some play on the K-side with f7-f5. The strange
thing is black has been building up on the Q-side, but he can never (almost)
get enough minor pieces to that part of the board to make any real impact. The
best thing he could achieve would be to place his Bg7 on b6/a5 in some distant
future - and of course to stop white from doing anything on this part of the
board. With his next move white starts to build up on the K-side but that is
profylactic as well.} 16. g4 {'!?' Hazai.} (16. O-O {Hazai} Ne8) 16... Qa5 {
[%csl Re1][%cal Yf8c8,Yb7b5,Yb5b4] '?!' Hazai. Hazai: The Q is misplaced here,
Black needs his Q on the >>.} (16... Ne8 {(Hazai) /\ f5}) 17. O-O Rac8 (17...
b5 {Hazai} 18. Kg2 (18. Bxc5 $6 dxc5 19. Nxe5 {is strongly met by} Nxe4 $1 20.
Qf4 Nxc3 $1 21. bxc3 Rad8)) 18. Kg2 ({White cannot win material yet:} 18. Bxc5
$2 {Hazai} Qxc5 19. Bxa4 Bxa4 20. Nxa4 Nxe4 21. Nxc5 Nxd2 $19) 18... b5 (18...
Ne8 $2 {(Hazai) is bad on account of} 19. Bxc5 Rxc5 (19... dxc5 20. Nxa4 $1)
20. Bxa4 $1 Bxa4 (20... Rxc3 21. Bxd7) 21. b4 $18) 19. g5 {'!' Hazai. Hazai:
White grabs the |^ on the ... kingside! A very tough move that would normally
not be any good.} hxg5 (19... Ng8 {Hazai} 20. gxh6 $1 (20. h4 {allows the
closing move} h5) 20... Bxh6 21. Ng5+ Kg7 22. f4 $1 $16) 20. Nxg5+ Kg8 {
[%csl Rf4][%cal Rf6h5]} 21. f4 $1 {[%csl Rd7] Hazai: Suddenly White opens up
the >> because the black Q is misplaced on the <<. Hansen: White does all the
wrong things. First he weakens his K-side, then he opens up the long /^ h8-a1.
The only reason why it might be good is that black cannot quickly get a N to
d7 controlling e5 because Bd7 is in the way.} b4 $2 {'!?' Hazai.} (21... exf4
$5 22. Bxf4 Qb6 $13 {[%csl Rd7,Re5,Rg2,Gg7][%cal Yc8b8,Yd7c8,Yf6d7,Yd7e5]} (
22... Qb6 {Hazai} 23. Be3 $16)) (21... Nh5 {Hazai} 22. f5 $16) 22. Na2 $16 {
'!' Hazai.} Nb3 {'!' Hazai.} 23. Bxb3 axb3 24. Nxb4 (24. axb4 $143 {Hazai} Qb5
(24... Qxa2 $2 25. Ra1) 25. Nc3 Qxb4 26. fxe5 dxe5) 24... Rc4 25. fxe5 Nxe4 {
'?!' Hazai.} (25... dxe5 {(Hazai) was the best practical chance, for example:}
26. Qd3 (26. Qf2 $6 Nxe4 27. Nxe4 Rxe4 28. Bc5 $2 Rf4 $1) (26. Qe2 Bb5 $13)
26... Bb5 (26... Rfc8 $2 27. Nc6 $1) 27. Qxb3 Nxe4 $44) 26. Nxe4 Rxe4 27. e6 {
'+/-!' Hazai.} fxe6 {'?' Hazai.} (27... Bb5 $142 {(Hazai) was more persistant:}
28. Rxf7 Rxf7 29. exf7+ Kxf7 30. Qf2+ Kg8 31. Rc1 Qd8) 28. Rxf8+ {'+-' Hazai.}
Kxf8 (28... Bxf8 {Hazai} 29. Rf1 exd5 30. Bd4 $18 {/\ Rf8 !}) 29. Bh6 exd5 30.
Rf1+ Bf5 31. Qg5 Bxh6 32. Qxg6 {'!' Hazai.} Re5 33. Qxh6+ Ke8 34. Nc6 1-0

[Event "Olympiad-33"]
[Site "Elista"]
[Date "1998.10.05"]
[Round "7.2"]
[White "Van Wely, Loek"]
[Black "Damljanovic, Branko"]
[Result "0-1"]
[WhiteElo "2635"]
[BlackElo "2555"]
[Annotator "Hazai,L"]
[PlyCount "100"]
[EventDate "1998.09.29"]
[EventType "team-swiss"]
[EventRounds "13"]
[EventCountry "RUS"]
[SourceTitle "CBM 068"]
[Source "ChessBase"]
[SourceDate "1999.02.01"]
[SourceVersion "1"]
[SourceVersionDate "1999.02.01"]
[SourceQuality "1"]
[WhiteTeam "Netherlands"]
[BlackTeam "Yugoslavia"]
[WhiteTeamCountry "NED"]
[BlackTeamCountry "YUG"]

1. d4 Nf6 2. c4 g6 3. Nc3 Bg7 4. e4 d6 5. h3 O-O 6. Bg5 Na6 {The is the most
popular reply here recommended by the theory.} 7. Nge2 (7. Qd2 e5 8. d5 Nc5) (
7. Bd3 e5 8. d5 {is frequently played nowadays.}) 7... Qe8 ({There is nothing
wrong with the natural} 7... e5 {and after} 8. d5 Qe8 9. Ng3 {we reach the
game continuation with transposition.}) 8. Ng3 e5 9. d5 h5 {/\ Nh7 is a good
idea against the Bg5 and Ng3.} 10. Be2 Nh7 11. Be3 h4 12. Nf1 f5 {The white
pieces are pushed back at a cost of the weakenings in the black camp.} 13. a3 {
/\ b4 keeping the N offside.} (13. f3 Bf6 {/\ Qe7 Bg5}) 13... Nc5 14. Nd2 Bd7
15. Qc2 {This allows Black to simplify the position with exchanges.} (15. Bxc5
{deserves attention to grab the |^ on the << at the expence of giving away the
nice dark-squared B, for example:} dxc5 16. b4 Qe7 17. bxc5 Qxc5 18. Nb3 Qe7
19. c5) ({Without preparation} 15. b4 {is only a blow in the air:} Na4 16. Nb5
$2 Bxb5 17. cxb5 Nc3) 15... Na4 16. Ndb1 {This is a really strange move!} (16.
f3 Nxc3 17. Qxc3 Bf6 18. O-O Bg5 19. Bf2 Nf6 $132) (16. Nxa4 Bxa4 (16... f4 $5
17. Nc3 fxe3 18. fxe3 Bh6 $44) 17. b3 f4 $132) (16. Nb3 Nxc3 17. Qxc3 Nf6 {
>< e4} (17... fxe4 {liquidates the tension in the [+], which is not very
useful for Black.} 18. Nd2 Bf5 (18... Nf6 19. Bg5) 19. g4 hxg3 20. fxg3 {/\ g4}
)) 16... a6 17. Nxa4 Bxa4 18. b3 Bd7 19. Nc3 Qe7 20. Qc1 (20. O-O-O Bf6 {/\ Bg5
}) 20... Rae8 (20... Bf6 $5 {comes into consideration.} 21. O-O (21. exf5 Bxf5
(21... gxf5 22. O-O Bg5 23. f4) 22. O-O Bg5 $11) 21... Bg5 $11 (21... f4 {
looks also dangerous, but after} 22. Bd2 Ng5 23. Qd1 {White can hold the
blockade on the light squares.})) 21. Ra2 ({Here} 21. O-O {is more dangerous,
than before:} f4 22. Bd2 Ng5 23. Bg4 Bxg4 24. hxg4 h3 25. f3 Bf6 $36) 21... Bf6
22. O-O Bg5 23. Bxg5 Qxg5 24. Qxg5 Nxg5 25. exf5 $6 {Giving up the [+] is hard
to recommend here. White is following a wrong plan connected with a
miscalculation.} (25. Bd3 {holds the vital >< e4 and the game as well.}) 25...
gxf5 (25... Bxf5 {was also tempting.}) 26. f4 $6 {This was the main idea, but
it will be refuted by tactical means.} ({The last chance to defend was} 26. Bh5
Re7 27. f4 exf4 28. Ne2 f3 29. Bxf3 Re3 30. Nd4) 26... exf4 27. Rxf4 Re3 28.
Rc2 {[#]} Rxh3 $1 $17 {Shocking, isn't it?} 29. Ne4 {This witty intermediate
move wins the exchange, but Black's position remains much better in the _|_.} (
29. Bf3 Rxf3 $1) (29. Bf1 Rg3) (29. Rd4 Rg3 30. Rxh4 f4) 29... fxe4 30. Rxf8+
Kxf8 31. gxh3 Nxh3+ 32. Kh2 (32. Kg2 Ke7) 32... Ke7 33. b4 (33. Bf1 Ng5 34. Rf2
Nf3+) 33... Nf4 {The white pieces are paralyzed, he can't find active
counterplay.} 34. c5 dxc5 35. bxc5 Nxd5 36. c6 Bxc6 37. Bxa6 Kd6 $19 {Now
White is lost materially, too.} 38. Bc4 Nf4 39. Bf1 e3 40. a4 Bd5 41. a5 c5 42.
a6 bxa6 43. Bxa6 Be6 44. Kg1 Kd5 45. Bc4+ Kd4 46. Bxe6 Nxe6 47. Rh2 Kd3 48.
Rxh4 c4 49. Kf1 c3 50. Rh2 Nd4 0-1